Central Library OPAC University of Rajshahi

Phipson on evidence / (Record no. 8143)

MARC details
000 -LEADER
fixed length control field 00972cam a2200337u 4500
001 - CONTROL NUMBER
control field 8143
003 - CONTROL NUMBER IDENTIFIER
rucl marc code BD-RjUL
005 - DATE AND TIME OF LATEST TRANSACTION
control field 20211208234530.0
008 - FIXED-LENGTH DATA ELEMENTS--GENERAL INFORMATION
fixed length control field 140118t1963 enk 001 0aeng
035 ## - SYSTEM CONTROL NUMBER
System control number (BD-RjUL)8188
040 ## - CATALOGING SOURCE
Original cataloging agency DLC
Transcribing agency CarP
Modifying agency DLC
-- BD-RjUL
Language of cataloging eng
041 ## - LANGUAGE CODE
Language code of text/sound track or separate title eng
082 04 - DEWEY DECIMAL CLASSIFICATION NUMBER
Edition number 16
Classification number 347.06
Author mark and year ARP 1963
100 1# - MAIN ENTRY--PERSONAL NAME
Personal name Argyle, Michael V.
9 (RLIN) 25360
245 10 - TITLE STATEMENT
Title Phipson on evidence /
Statement of responsibility, etc. Michael V. Argyle.
250 ## - EDITION STATEMENT
Edition statement 10th ed.
260 ## - PUBLICATION, DISTRIBUTION, ETC. (IMPRINT)
Place of publication, distribution, etc. London :
Name of publisher, distributor, etc. Sweet & Maxwell,
Date of publication, distribution, etc. 1963.
300 ## - PHYSICAL DESCRIPTION
Pagination clxxxiv, 910 p. ;
Size 26 cm.
490 0# - SERIES STATEMENT
Series statement The comon Law Library ;
Volume/sequential designation 10
504 ## - BIBLIOGRAPHY, ETC. NOTE
Bibliography, etc Includes index.
525 ## - SUPPLEMENT NOTE
Supplement note Kept up to date by supplements.
650 #0 - SUBJECT ADDED ENTRY--TOPICAL TERM
Topical term or geographic name as entry element Evidence (Law)
Geographic subdivision Great Britain.
9 (RLIN) 14138
700 1# - ADDED ENTRY--PERSONAL NAME
Personal name Havers, Elizabeth
Personal name Benady, Pamela.
830 #0 - SERIES ADDED ENTRY--UNIFORM TITLE
Volume number/sequential designation no. 10.
830 #0 - SERIES ADDED ENTRY--UNIFORM TITLE
Uniform title Common law library,
942 ## - ADDED ENTRY ELEMENTS (KOHA)
Source of classification or shelving scheme Dewey Decimal Classification
Koha item type Books
Holdings
Lost status Source of classification or shelving scheme Damaged status Not for loan Collection code Permanent Location Current Location Shelving location Date acquired Source of acquisition Cost, normal purchase price Total Checkouts Full call number Date last seen Copy number Koha item type
  Dewey Decimal Classification     Non-fiction Central Library, University of Rajshahi Central Library, University of Rajshahi   25/07/1968 Zeitlinger 160.00   347.06 ARP 1963 18/01/2014 C-5 Books
  Dewey Decimal Classification     Non-fiction Central Library, University of Rajshahi Central Library, University of Rajshahi   12/11/1963 Zeitlinger 0.00   347.06 ARP 1963 01/08/2016 C-2 Books
  Dewey Decimal Classification     Non-fiction Central Library, University of Rajshahi Central Library, University of Rajshahi   12/11/1963 Zeitlinger 106.00   347.06 ARP 1963 01/08/2016 C-3 Books
  Dewey Decimal Classification     Non-fiction Central Library, University of Rajshahi Central Library, University of Rajshahi   24/11/1967 Zeitlinger 155.00   347.06 ARP 1963 01/08/2016 C-4 Books
  Dewey Decimal Classification     Non-fiction Central Library, University of Rajshahi Central Library, University of Rajshahi   24/11/1967 Zeitlinger 155.00   347.06 ARP 1963 01/08/2016 C-6 Books
  Dewey Decimal Classification     Non-fiction Central Library, University of Rajshahi Central Library, University of Rajshahi   24/11/1967 Zeitlinger 155.00   347.06 ARP 1963 01/08/2016 C-7 Books
  Dewey Decimal Classification     Non-fiction Central Library, University of Rajshahi Central Library, University of Rajshahi   24/11/1967 Zeitlinger 47.00   347.06 ARP 1963 01/08/2016 C-8 Books
  Dewey Decimal Classification     Non-fiction Central Library, University of Rajshahi Central Library, University of Rajshahi   25/07/1968 Zeitlinger 160.00   347.06 ARP 1963 01/08/2016 C-9 Books
  Dewey Decimal Classification     Non-fiction Central Library, University of Rajshahi Central Library, University of Rajshahi   21/03/1974 B. N. B. C.     347.06 ARP 1963 06/08/2016 C-10 Books